Carlos de Foucauld (Record no. 123317)

MARC details
000 -LEADER
campo de control de longitud fija 00595namaa2200181 i 4500
001 - NÚMERO DE CONTROL
campo de control 123317
003 - IDENTIFICADOR DE NÚMERO DE CONTROL
campo de control ES-MaACL
005 - FECHA Y HORA DE LA ÚLTIMA TRANSACCIÓN
campo de control 20250805053405.0
008 - DATOS DE LONGITUD FIJA--INFORMACIÓN GENERAL
campo de control de longitud fija 070214s1967 sp 001 0bspa d
100 1# - ENTRADA PRINCIPAL--NOMBRE DE PERSONA
Nombre de persona Quesnel, Roger.
9 (RLIN) 94578
245 10 - MENCIÓN DEL TÍTULO
Título Carlos de Foucauld
Resto del título : las etapas de una búsqueda /
Mención de responsabilidad, etc. Roger Quesnel ; versión de Antonio Martí Lloret.
260 ## - PUBLICACIÓN, DISTRIBUCIÓN, ETC.
Lugar de publicación, distribución, etc. Bilbao :
Nombre del editor, distribuidor, etc. Mensajero,
Fecha de publicación, distribución, etc. 1967.
300 ## - DESCRIPCIÓN FÍSICA
Extensión 380 p. ;
Dimensiones 21 cm.
600 04 - PUNTO DE ACCESO ADICIONAL DE MATERIA--NOMBRE DE PERSONA
Nombre de persona Carlos de Foucauld,
Títulos y otros términos asociados al nombre Santo,
Fechas asociadas al nombre 1858-1916
9 (RLIN) 165663
700 1# - ENTRADA AGREGADA--NOMBRE PERSONAL
Nombre de persona Martí Lloret, Antonio.
9 (RLIN) 77222
852 ## - LOCALIZACIÓN
Ubicación ES-MaACL
Número de control de estantería C-33486
Holdings
Estatus retirado Estado de pérdida Estado de daño No para préstamo Biblioteca de origen Biblioteca actual Ubicación en estantería Fecha de adquisición Fuente de adquisición Total de préstamos Signatura topográfica completa Código de barras Visto por última vez Precio de reemplazo Tipo de ítem Koha
        Biblioteca del Ateneo de Madrid Biblioteca del Ateneo de Madrid Depósito 2 17/01/2008     C-33486 1128489 23/02/2023 23/02/2023 Libro impreso